000 01017nam a22002177a 4500
005 20250603130401.0
008 250603b |||||||| |||| 00| 0 eng d
037 _cTB
040 _aCRL
_cCRL
041 _2hin
_ahin
_hsan
084 _aO151jN43 152R4
_qCRL
100 _aमिश्र, अभिराज राजेन्द्र
_9811554
245 _aअभिराजभारती
260 _aलखनऊ, भारत:
_bदि इंडियन रिसर्च सोसाइटी ऑफ अवध,
_c2024.
300 _a519पृ.
365 _b4595.00
_cINR
650 _aसंस्कृत कविता
650 _aसंस्कृत साहित्य
942 _2CC
_cTB
_hO151jN43 152R4
_n0
999 _c1431370
_d1431370